Biện pháp quản lý công tác phối hợp các lực lượng trong giáo dục đạo đức cho học sinh trung học phổ thông huyện Salavăn, tỉnh Salavăn nước CHDCND Lào

Nghiên cứu lý luận về quản lý công tác phối hợp các lực lượng trong giáo dục đạo đức cho học sinh trung học phổ thông. Khảo sát, đánh giá thực trạng quản lý công tác phối hợp của nhà trƣờng với gia đình và các tổ chức xã hội trong việc giáo dục đạo đức cho học sinh ở các trường trung học phổ thông t...

ver descrição completa

Na minha lista:
Detalhes bibliográficos
Autor principal: Savatmixai Khingkham
Outros Autores: Lê Quang Sơn PGS.TS. (Hướng dẫn)
Formato: Livro
Idioma:Vietnamese
Publicado em: Đà Nẵng Đại học Đà Nẵng 2016
Assuntos:
Tags: Adicionar Tag
Sem tags, seja o primeiro a adicionar uma tag!
Thư viện lưu trữ: Mạng thư viện Đại học Đà Nẵng
LEADER 02234nam a2200349 4500
001 000023864
003 20317
005 20160329160345.0
008 160318s2016 viesd
041 |a vie 
082 1 4 |a 373.0114  |b SA-K 
100 1 |a Savatmixai Khingkham 
245 1 |a Biện pháp quản lý công tác phối hợp các lực lượng trong giáo dục đạo đức cho học sinh trung học phổ thông huyện Salavăn, tỉnh Salavăn nước CHDCND Lào  |c Savatmixai Khingkham ; Lê Quang Sơn hướng dẫn.  |k Luận văn Thạc sĩ 
260 |a Đà Nẵng  |b Đại học Đà Nẵng  |c 2016 
300 |a 101 tr. ; phụ lục 11 tr.  |c 29 cm.  |e Tóm tắt 
500 |a Luận văn thạc sĩ. Chuyên ngành: Quản lý giáo dục. Mã số: 60.14.01.14 
520 3 |a Nghiên cứu lý luận về quản lý công tác phối hợp các lực lượng trong giáo dục đạo đức cho học sinh trung học phổ thông. Khảo sát, đánh giá thực trạng quản lý công tác phối hợp của nhà trƣờng với gia đình và các tổ chức xã hội trong việc giáo dục đạo đức cho học sinh ở các trường trung học phổ thông trên địa bàn huyện Salavăn. Đề xuất các biện pháp quản lý công tác phối hợp giữa nhà trường, gia đình và xã hội trong giáo dục đạo đức cho học sinh trung học phổ thông huyện Salavăn, tỉnh Salavăn 
650 0 4 |a Giáo dục trung học  |v Luận văn tốt nghiệp  |x Giáo dục đạo đức  |z Tỉnh Salavan (Lào) 
653 |a Giáo dục đạo đức 
653 |a Giáo dục trung học phổ thông 
653 |a Quản lý giáo dục 
700 1 |a Lê Quang Sơn  |c PGS.TS.  |e Hướng dẫn 
OWN |a LSP 
AVA |a UDN50  |b LSP  |d 373.0114 SA-K  |e available  |t Error 5001 Not defined in file expand_doc_bib_avail.  |f 1  |g 0  |h N  |i 0  |k 1 
999 |a From the UDN01 
AVA |a UDN50  |b LSP  |d 373.0114 SA-K  |e available  |t Error 5001 Not defined in file expand_doc_bib_avail.  |f 1  |g 0  |h N  |i 0  |k 1 
TYP |a Monograph 
TYP |a Printed language 
980 |a Mạng thư viện Đại học Đà Nẵng